|
|
|
|
| LEADER |
01062naa a2200205 i 4500 |
| 001 |
acta89132 |
| 005 |
20251203142650.0 |
| 008 |
251203s2025 hu o 100 hun d |
| 040 |
|
|
|a SZTE Egyetemi Kiadványok Repozitórium
|b hun
|
| 041 |
|
|
|a hun
|
| 100 |
1 |
|
|a Németh Kristóf
|
| 245 |
1 |
0 |
|a Medermorfológia változásának térbeli vonzatai a Tisza Kisköre-Gyálarét közötti szakaszán
|h [elektronikus dokumentum] :
|b [absztrakt] /
|c Németh Kristóf
|
| 260 |
|
|
|a Szegedi Tudományegyetem Móra Ferenc Szakkollégium
|b Szeged
|c 2025
|
| 300 |
|
|
|a 91
|
| 490 |
0 |
|
|a Móra Kárpát-medencei Interdiszciplináris Szakkollégiumi Konferencia
|v 9
|
| 650 |
|
4 |
|a Természettudományok
|
| 650 |
|
4 |
|a Föld- és kapcsolódó környezettudományok
|
| 695 |
|
|
|a Folyószabályozás - Tisza - 19. sz. - előadáskivonat, Geomorfológia - Magyarország - előadáskivonat
|
| 711 |
|
|
|a IX. Móra Kárpát-medencei Interdiszciplináris Szakkollégiumi Konferencia
|c Szeged
|d 2025. november 21-23.
|
| 856 |
4 |
0 |
|u http://acta.bibl.u-szeged.hu/89132/1/morakonf_2025_091.pdf
|z Dokumentum-elérés
|